| 000 | 00541nam a2200193Ia 4500 | ||
|---|---|---|---|
| 005 | 20250326141611.0 | ||
| 008 | 250326s9999 xx 000 0 und d | ||
| 020 | _a81-85072-71-X | ||
| 037 | _aTextbook | ||
| 040 |
_aFMSL _beng _cFMSL |
||
| 041 |
_aeng _2eng |
||
| 084 |
_aX9W N1 _qFMSL |
||
| 100 |
_aKhan A Q _9744746 |
||
| 245 | 0 |
_aProductivity dynamics in public enterprises _cKhan A Q |
|
| 260 |
_aAllhabad _bAllhabad, Vehra Pub.& Dist. _c1991 |
||
| 300 | _axiii,244 | ||
| 942 |
_cTB _hX9W N1 |
||
| 999 |
_c1291094 _d1291094 |
||